| Tag |
First Indicator |
Second Indicator |
Subfields |
| LEADER |
00000cgm a2200000Ka 4500 |
| 001 |
in00002055813 |
| 005 |
20151101064645.0 |
| 007 |
vd bvaizm |
| 008 |
050303s2005 xxu111 g vleng d |
| 020 |
|
|
|a 0790744570
|
| 028 |
4 |
3 |
|a 65078
|b Turner Entertainment
|
| 035 |
|
|
|a (OCoLC)ocm57967135
|
| 040 |
|
|
|a EOW
|c EOW
|d RCS
|d FTL
|d TXA
|d UtOrBLW
|
| 041 |
1 |
|
|a eng
|j fre
|j spa
|
| 043 |
|
|
|a n-us-ny
|
| 049 |
|
|
|a TXAM
|
| 082 |
0 |
4 |
|a 791.43/72
|2 22
|
| 090 |
|
|
|a PN1995.9.C55
|b D56 2005
|
| 245 |
0 |
0 |
|a Dinner at eight /
|c Metro-Goldwyn-Mayer Corp. ; directed by George Cukor ; produced by David O. Selznick ; screen play by Frances Marion and Herman J. Mankiewicz.
|
| 250 |
|
|
|a Standard version.
|
| 264 |
|
1 |
|a [Place of publication not identified] :
|b Turner Entertainment ;
|c [2005]
|
| 264 |
|
2 |
|a Burbank, CA :
|b Distributed by Warner Home Video,
|
| 264 |
|
4 |
|c ©2005
|
| 300 |
|
|
|a 1 videodisc (111 min.) :
|b sound, black and white ;
|c 4 3/4 in.
|
| 336 |
|
|
|a two-dimensional moving image
|b tdi
|2 rdacontent
|
| 337 |
|
|
|a video
|b v
|2 rdamedia
|
| 338 |
|
|
|a videodisc
|b vd
|2 rdacarrier
|
| 538 |
|
|
|a DVD; Dolby digital, mono.
|
| 546 |
|
|
|a Closed-captioned. In English, with optional subtitles in English, French, and Spanish.
|
| 511 |
1 |
|
|a Marie Dressler, John Barrymore, Wallace Beery, Jean Harlow, Lionel Barrymore, Lee Tracy, Edmund Lowe, Billie Burke, Madge Evans, Jean Hersholt, Karen Morley, Phillips Holmes.
|
| 508 |
|
|
|a Photography, William Daniels ; music, William Axt.
|
| 500 |
|
|
|a Originally produced as a motion picture in 1933.
|
| 500 |
|
|
|a Based on the play "Dinner at eight" by George S. Kaufman and Edna Ferber.
|
| 500 |
|
|
|a Dual-layer format.
|
| 500 |
|
|
|a "Presented in a format preserving the aspect ratio of its original theatrical exhibition"--Container.
|
| 521 |
8 |
|
|a Not rated. Bonus material not rated or closed-captioned.
|
| 520 |
|
|
|a A Park Avenue snob gives a dinner party for a visiting English peer. Little does she realize that her shipping magnate husband is bankrupt and that her daughter is having an affair with an older man.
|
| 500 |
|
|
|a Special features: Documentary profile: Harlow : the blonde bombshell, hosted by Sharon Stone -- Comedy short Come to dinner -- Theatrical trailer.
|
| 500 |
|
|
|a Videorecording.
|
| 655 |
|
7 |
|a Comedy films.
|2 lcgft
|
| 650 |
|
0 |
|a Snobs and snobbishness
|z New York
|v Drama.
|
| 650 |
|
0 |
|a Rich people
|z New York
|v Drama.
|
| 650 |
|
0 |
|a Dysfunctional families
|z New York
|v Drama.
|
| 650 |
|
0 |
|a Parties
|z New York
|v Drama.
|
| 655 |
|
7 |
|a Video recordings for the hearing impaired.
|2 lcgft
|
| 655 |
|
0 |
|a Motion pictures, American.
|
| 655 |
|
7 |
|a Feature films.
|2 lcgft
|
| 700 |
1 |
|
|a Selznick, David O.,
|d 1902-1965.
|
| 700 |
1 |
|
|a Cukor, George,
|d 1899-1983.
|
| 700 |
1 |
|
|a Dressler, Marie,
|d 1869-1934.
|
| 700 |
1 |
|
|a Barrymore, John,
|d 1882-1942.
|
| 700 |
1 |
|
|a Beery, Wallace.
|
| 700 |
1 |
|
|a Harlow, Jean,
|d 1911-1937.
|
| 700 |
1 |
|
|a Barrymore, Lionel,
|d 1878-1954.
|
| 700 |
1 |
|
|a Tracy, Lee,
|d 1898-1968.
|
| 700 |
1 |
|
|a Lowe, Edmund,
|d 1890-1971.
|
| 700 |
1 |
|
|a Burke, Billie,
|d 1885-1970.
|
| 700 |
1 |
|
|a Evans, Madge,
|d 1909-1981.
|
| 700 |
1 |
|
|a Hersholt, Jean,
|d 1886-1956.
|
| 700 |
1 |
|
|a Morley, Karen.
|
| 700 |
1 |
|
|a Holmes, Phillips,
|d 1907-1942.
|
| 700 |
1 |
|
|a Kaufman, George S.
|q (George Simon),
|d 1889-1961.
|t Dinner at eight.
|
| 700 |
1 |
|
|a Ferber, Edna,
|d 1887-1968.
|
| 710 |
2 |
|
|a Metro-Goldwyn-Mayer.
|
| 710 |
2 |
|
|a Turner Home Entertainment (Firm)
|
| 710 |
2 |
|
|a Warner Home Video (Firm)
|
| 740 |
0 |
2 |
|a Harlow, the blonde bombshell.
|
| 740 |
0 |
2 |
|a Come to dinner.
|
| 948 |
|
|
|a cataloged
|b h
|c 2005/5/13
|d c
|e mphillip
|f 1:00:14 pm
|
| 994 |
|
|
|a C0
|b TXA
|
| 999 |
|
|
|a MARS
|
| 999 |
f |
f |
|s 6bfc7622-08e1-3f27-9bb6-96f515827c77
|i eeb6d42c-f98a-31a4-b8d3-1b9761d2e2df
|t 0
|
| 952 |
f |
f |
|p dvd
|a Texas A&M University
|b College Station
|c Sterling C. Evans Library
|d Evans: Media and Reserves (Annex 1st floor)
|t 0
|e PN1995.9.C55 D56 2005
|h Library of Congress classification
|i video -- videodisc
|m A14833817433
|
| 998 |
f |
f |
|a PN1995.9.C55 D56 2005
|t 0
|l Evans: Media and Reserves (Annex 1st floor)
|